|
|
|
|
| LEADER |
02986nam a2200649 4500 |
| 001 |
ocn852391676 |
| 003 |
OCoLC |
| 005 |
20170124070128.7 |
| 006 |
m o d |
| 007 |
cr cnu|||unuuu |
| 008 |
130710s2013 gw ob 001 0 eng d |
| 040 |
|
|
|a DG1
|b eng
|e pn
|c DG1
|d CUS
|d UKMGB
|d E7B
|d YDXCP
|d HEBIS
|d OCLCF
|d IDEBK
|d CDX
|d COO
|d DEBBG
|d OCLCQ
|d LOA
|d GrThAP
|
| 016 |
7 |
|
|a 016317750
|2 Uk
|
| 019 |
|
|
|a 855906384
|a 961669376
|a 962586627
|
| 020 |
|
|
|a 9783527653416
|q (electronic bk.)
|
| 020 |
|
|
|a 3527653414
|q (electronic bk.)
|
| 020 |
|
|
|a 1299738133
|q (ebk)
|
| 020 |
|
|
|a 9781299738133
|q (ebk)
|
| 020 |
|
|
|a 3527410589
|
| 020 |
|
|
|a 9783527410583
|
| 020 |
|
|
|a 9783527653447
|q (e-book)
|
| 020 |
|
|
|a 3527653449
|q (e-book)
|
| 020 |
|
|
|z 9783527410583
|
| 029 |
1 |
|
|a AU@
|b 000051762959
|
| 029 |
1 |
|
|a CHBIS
|b 010441925
|
| 029 |
1 |
|
|a CHVBK
|b 334083702
|
| 029 |
1 |
|
|a DEBBG
|b BV041292269
|
| 029 |
1 |
|
|a DEBBG
|b BV041908966
|
| 029 |
1 |
|
|a DKDLA
|b 820120-katalog:000696818
|
| 029 |
1 |
|
|a NZ1
|b 15497570
|
| 029 |
1 |
|
|a DEBBG
|b BV043396075
|
| 029 |
1 |
|
|a NLGGC
|b 406919569
|
| 035 |
|
|
|a (OCoLC)852391676
|z (OCoLC)855906384
|z (OCoLC)961669376
|z (OCoLC)962586627
|
| 037 |
|
|
|a 505064
|b MIL
|
| 050 |
|
4 |
|a QC793.4
|b .D38 2013
|
| 082 |
0 |
4 |
|a 539.7/6
|2 23
|
| 049 |
|
|
|a MAIN
|
| 245 |
0 |
0 |
|a Data analysis in high energy physics :
|b a practical guide to statistical methods /
|c edited by Olaf Behnke [and others].
|
| 264 |
|
1 |
|a Weinheim, Germany :
|b Wiley-VCH,
|c [2013]
|
| 264 |
|
4 |
|c ©2013
|
| 300 |
|
|
|a 1 online resource (xx, 419 pages)
|
| 336 |
|
|
|a text
|b txt
|2 rdacontent
|
| 337 |
|
|
|a computer
|b c
|2 rdamedia
|
| 338 |
|
|
|a online resource
|b cr
|2 rdacarrier
|
| 505 |
0 |
|
|a Fundamental Concepts / Roger Barlow -- Parameter Estimation / Olaf Behnke, Lorenzo Moneta -- Hypothesis Testing / Grégory Schott -- Interval Estimation / Luc Demortier -- Classification / Helge Voss -- Unfolding / Volker Blobel -- Constrained Fits / Benno List -- How to Deal with Systematic Uncertainties / Rainer Wanke -- Theory Uncertainties / Markus Diehl -- Statistical Methods Commonly Used in High Energy Physics / Carsten Hensel, Kevin Kröninger -- Analysis Walk-Throughs / Aart Heijboer, Ivo van Vulpen -- Applications in Astronomy / Harrison B Prosper.
|
| 504 |
|
|
|a Includes bibliographical references and index.
|
| 588 |
0 |
|
|a Online resource; title from PDF title page (Wiley, viewed July 10, 2013).
|
| 650 |
|
0 |
|a Particles (Nuclear physics)
|x Statistical methods.
|
| 650 |
|
7 |
|a Particles (Nuclear physics)
|x Statistical methods.
|2 fast
|0 (OCoLC)fst01054153
|
| 650 |
|
7 |
|a Hochenergiephysik
|2 gnd
|0 (DE-588)4127286-9
|
| 650 |
|
7 |
|a Datenanalyse
|2 gnd
|0 (DE-588)4123037-1
|
| 655 |
|
4 |
|a Electronic books.
|
| 655 |
|
7 |
|a Electronic books.
|2 local
|
| 700 |
1 |
|
|a Behnke, Olaf.
|
| 776 |
0 |
8 |
|i Print version:
|t Data analysis in high energy physics.
|d Weinheim, Germany :
|b Wiley-VCH, 2013
|z 3527410589
|w (OCoLC)828181976
|
| 856 |
4 |
0 |
|u https://doi.org/10.1002/9783527653416
|z Full Text via HEAL-Link
|
| 994 |
|
|
|a 92
|b DG1
|